000 00807nam a2200301Ia 4500
001 4238
003 IT-RoPAU
008 130308s9999 xx 000 0 und d
040 _aIT-RoPAU
040 _cIT-RoPAU
041 _aFRANCESE
100 _aHerrenschmidt Noelle
100 _gCodice Aut. SPICS: 5504
245 _aDessiner pour les enfants
245 _bDes Images pour Les Enfants
250 _a1a ed.
260 _aTOURNAI (BELGIO)
260 _bCasterman
260 _c1977 [1° Ed.:1977 - Ed.Ling.Originale:1975]
300 _a"8 p. (prefazione: no ; testo: 8 [pagine: 13-20])"
500 _aDisegnare per I Bambini
650 _aPEDAGOGIA DELLA COMUNICAZIONE SOCIALE
650 _eCodice materia Spics: 3804
942 _cBK
957 _71
999 _c44002
_d44002
999 _bSI
999 _g1